| 000 | 00553nam a2200181Ia 4500 | ||
|---|---|---|---|
| 999 |
_c7934 _d7934 |
||
| 003 | OSt | ||
| 005 | 20200107152449.0 | ||
| 008 | 190216s9999||||xx |||||||||||||| ||und|| | ||
| 020 | _a9781259004896 | ||
| 040 | _coclc | ||
| 082 |
_a658.46 _bDUB/M |
||
| 100 |
_aDubey, Sanjiva Shankar _91098 |
||
| 245 | 0 |
_aManagement And IT Consultancy / _cSanjiva Shankar Dubey. |
|
| 260 |
_bTata Mcgraw-Hill Education, _c2012. _aNew Delhi: |
||
| 300 | _a319p | ||
| 650 | _aInformation Technology | ||
| 942 |
_cBK _2ddc _h658.46 _iDUB/M _k658.46 _mDUB/M |
||